| 000 | 00536nam a2200145 a 4500 | ||
|---|---|---|---|
| 001 | 000028759 | ||
| 005 | 20200930055124.0 | ||
| 008 | 110412s2002 dr 000 0 spa d | ||
| 040 |
_aDO-SdBNP _bspa _cBNPHU |
||
| 082 |
_axxx _bR426m |
||
| 110 | 1 |
_aRepública Dominicana _bSuprema Corte de Justicia _97906 |
|
| 245 | 1 | 0 |
_aManual de procedimientos : _bDepartamento de Inspectoría Judicial. |
| 260 |
_aSanto Domingo : _bConsejo General del Poder Judicial : _bAgencia Española de Cooperación Internacional, _c2002. |
||
| 300 |
_a67 p. ; _c21 cm. |
||
| 999 |
_c28251 _d28251 |
||